| 000 | 00554nam a2200145Ia 4500 | ||
|---|---|---|---|
| 008 | 170221s9999 xx 000 0 und d | ||
| 100 | _aMuhammad Mat Yusof | ||
| 245 | _aE-compare of Soccer Tournament Structures | ||
| 245 | _cMuhammad Mat Yusof, Ruzelan Khalid, Tajularipin Sulaiman, Mohamad Shukri Abdul Hamid, Rosnalini Mansor, Nurzahidah Che Rosli | ||
| 260 | _bInternational Review of Management and Marketing | ||
| 260 | _c2016 | ||
| 300 | _a6 : 8S | ||
| 650 | _xMarketing. | ||
| 856 | _uhttp://www.econjournals.com/index.php/irmm/issue/view/97 | ||
| 999 |
_c308201 _d308201 |
||